000 00435nam a2200169Ia 4500
005 20240605053810.0
008 240331s9999 xx 000 0 und d
020 _a0761995471
082 _bCLA
_a370
100 _aClarke, P
245 0 _aTeaching and learning :
_bthe culture of pedagogy
260 _aNew Delhi
_bSage Publications India Pvt Ltd
_c2001
300 _a223 p.,
650 _aEducation
650 _aCulture
942 _cL
999 _c2937
_d2937